Lengua IV : (Registro nro. 9812)

Detalles MARC
000 -LIDER
fixed length control field 01327nam a2200313 a 4500
001 - NÚMERO DE CONTROL
Identificador de número de control 000012903
003 - IDENTIFICACDOR DE NÚMERO DE CONTROL
control field DO-SdBNP
005 - DATE AND TIME OF LATEST TRANSACTION
control field 20180306084752.0
007 - CAMPOS FIJOS DE DESCRIPCIÓN FÍSICA
fixed length control field 000012903
008 - ELEMENTOS DE LONGITUD FIJA
fixed length control field 091118s2010 dr ac 000 0 spa d
020 ## - ISBN
International Standard Book Number 9945400134
040 ## - FUENTE DE CATALOGACIÓN
Agencia que crea de manera original el registro BPMSU
Idioma de catalogación spa
Agencia que realiza la transcripción BPMSU
092 ## - LOCALLY ASSIGNED DEWEY DECIMAL CALL NUMBER
Número de clasificación 373.61
Número de ítem (Cutter) xxxx
100 ## - ASIENTO PRINCIPAL -- NOMBRE PERSONAL
Nombre personal Sánchez, Olimpia
245 00 - MENCIÓN DE TITULO
Título Lengua IV :
Subtítulo segundo ciclo educación media /
Mención de responsabilidad Olimpia Sánchez, Juan Fco. Jáspez
260 ## - PUBLICACIÓN, DISTRIBUCIÓN, ETC. (PIE DE IMPRENTA)
Lugar de publicación, distribución, etc Santo Domingo :
Nombre del editor, distribuidor, etc. Actualidad Escolar 2000,
Fecha de publicación, distribución, etc 2010
300 ## - DESCRIPCIÓN FÍSICA
Extensión 266p. :
Otros detalles físicos il. ;
Dimensiones 29 cm.
500 ## - NOTA GENERAL
Nota general La Biblioteca posee la Guía metodológica del segundo ciclo educación media
505 0# - NOTA DE CONTENIDO
Información miscelánea v. 4 : segundo ciclo
Título Ciudadanos sin peatones
-- Las trampas de la economía
-- Los hombres y las matemáticas
-- El oro y la paz
-- Los amansadores
-- Entre Lucas y Huan Mejía
-- Documentos oficiales
-- Si alguien quiere saber cuál es mi patria
-- Bolivar
-- La fiesta del chivo
-- Madame Bovary
-- Otra manera de ser emigrante
650 ## - ENCABEZAMIENTO DE MATERIA--TEMÁTICO
Término temático o nombre geográfico como elemento de entrada GRAMÁTICA
Subdivisión temática general ENSEÑANZA SECUNDARIA
650 ## - ENCABEZAMIENTO DE MATERIA--TEMÁTICO
Término temático o nombre geográfico como elemento de entrada EDUCACIÓN SECUNDARIA
Subdivisión temática general REPÚBLICA DOMINICANA
650 ## - ENCABEZAMIENTO DE MATERIA--TEMÁTICO
Término temático o nombre geográfico como elemento de entrada GRAMÁTICA
Subdivisión temática general LIBROS DE TEXTO
650 ## - ENCABEZAMIENTO DE MATERIA--TEMÁTICO
Término temático o nombre geográfico como elemento de entrada GRAMÁTICA
651 ## - ENCABEZAMIENTO DE MATERIA--NOMBRE GEOGRÁFICO
Subdivisión temática general ESTUDIOS Y EJERCICIOS
700 12 - ASIENTO SECUNDARIO -- NOMBRE PERSONAL
Nombre personal Jáspez, Juan Fco.
942 ## - ADDED ENTRY ELEMENTS (KOHA)
Source of classification or shelving scheme Dewey Decimal Classification
Koha item type Libros
945 ## - INFORMACIÓN DE PROCESAMIENTO LOCAL
Información de procesamiento local remanejado para la BNPHU / 2018 VM
956 ## - LOCAL ELECTRONIC LOCATION AND ACCESS (OCLC)
Nombre de host VMATEO
Número de acceso 10
Información de compresión 20150813
Inicio de sesión BPMSU
Procesador de solicitud 00151
Existencias
Withdrawn status Lost status Source of classification or shelving scheme Damaged status Not for loan Collection code Home library Current library Date acquired Source of acquisition Total Checkouts Full call number Barcode Date last seen Price effective from Koha item type
    Dewey Decimal Classification     Colección Escolar Biblioteca Pública Metropolitana Salomé Ureña Biblioteca Pública Metropolitana Salomé Ureña 04/18/2016 Donación   373.61 BPMSU16040509 04/18/2016 04/18/2016 Libros